1408 1468 1523 1136 1225 1396 1774 1526 1298 1964 1481 1929 1862 1432 1624 1439 1424 1772 1363 1797 1679 1820 1954 1137 1626 1434 1952 1545 1496 1380 1580 1151 1727 1950 1832 1677 1939 1962 1842 1143 1200 1575 1941 1966 1096 1556 1165 1680 1631 1982 1376 1973 1155 1207 1034 1465 1929 1386 1159 1305 1697 1932 1569 1755 1241 1663 1395 1932 1570 1548 1489 1838 1052 1285 1575 1467 1451 1133 1009 1220 1625 1868 1518 1571 1937 1692 1132 1843 1754 1395 1718 1600 1260 1189 1622 1521 1291 1266 1187 BCNSPRNW ULIB Ver.6.0+V

เปลี่ยนเป็นภาษาไทย

Change to English
 แสดงรายละเอียดบรรณานุกรม
  กลับหน้าหลัก

Brief Record : Get Marc (ISO 2709) : E-mail record : QR code < ปิดหน้าต่าง
LEADER : 00000nam 2200000uu 4500
001    13399107807
003     ULIB
008    110203s2553||||th 000 0 tha d
020    9789812599803
041 1  tha^heng
060 04 WY152^bผ227ก 2553
245 00 การพยาบาลผู้ใหญ่และผู้สูงอายุที่มีปัญหาสุขภาพ^nเล่ม 4 =^bMedical-surgical nursing clinical management for positive outcomes /^cบรรณาธิการ, ผ่องศรี ศรีมรกต
246 31 Medical-surgical nursing clinical management for positiveoutcomes
250    พิมพ์ครั้งที่ 1
260    กรุงเทพฯ :^bไอ กรุ๊ป เพรส,^c2553
300    xiv, 423 หน้า :^bภาพประกอบ ;^c28 ซม.
500    cl/บุ๊คแฟร์ ครั้งที่ 13/บุ๊คเน็ท ราคา 637.50 บาท
500    แปลและเรียบเรียงจากหนังสือ Medical-surgical nursing :clinical management for positive outcomes / [edited by] Joyce M. Black, Jane Hokanson Hawks. 7th ed. 2001.
504    มีดรรชนี
650  7 การพยาบาลผู้สูงอายุ
650  7 การพยาบาลอายุรศาสตร์
650  7 ผู้ป่วย^xการดูแล
650  7 พยาบาล, การบริการ
700 0  ผ่องศรี ศรีมรกต,^eบรรณาธิการ
945    ^p637^l0^i029212
945    ^p637^l0^i028545
945    ^p637^l0^i028543
945    ^p637^l0^i028542
945    ^p637^l0^i028541
945    ^p637^l0^i028432
945    ^p637^l0^i028544
995    ทศพร
999 ^a ใช้งานได้ทุกระบบ
รายการนี้ยังไม่มีแท็ก
คุณยังไม่ได้ล็อกอิน คุณสามารถมีกิจกรรมร่วมกับเว็บไซต์ได้ แต่ต้องล็อกอินก่อน ::
  ล็อกอิน

รายการสื่อสารสนเทศ

ลำดับที่ ประเภท เลขเรียก/บาร์โค้ด สถานที่ สถานะ
1. วิทยาศาสตร์การแพทย์ และสุขภาพ
วิทยาศาสตร์การแพทย์ และสุขภาพ
WY152 ผ227ก 2553 ฉ.7 
  Barcode: 029212
ห้องสมุดวิทยาเขตสวรรค์ประชารักษ์
►ส่วนจัดเก็บหนังสือเก่า สปร
บนชั้น
  ขอยืม

รายการใกล้เคียง
    หัวเรื่อง [การพยาบาลผู้สูงอายุ]
    หัวเรื่อง [การพยาบาลอายุรศาสตร์]
    หัวเรื่อง [ผู้ป่วย การดูแล]
    หัวเรื่อง [พยาบาล, การบริการ]

BibComment


ยังไม่เคยถูกคอมเมนท์

คอมเมนท์ทรัพยากรรายการนี้
  คอมเมนท์: การพยาบาลผู้ใหญ่แ..


 Copyright 2026. Bcnsprnw @Library